Online
Catalog

The atomic nucleus and chemistry / (Record no. 10544)

MARC details
000 -CABECERA
campo de control de longitud fija 00591cam a2200193 a 4500
001 - NÚMERO DE CONTROL
campo de control 000010794
005 - FECHA Y HORA DE LA ÚLTIMA TRANSACCIÓN
campo de control 20200929162307.0
008 - DATOS DE LONGITUD FIJA--INFORMACIÓN GENERAL
campo de control de longitud fija 711222s1972 xxua b 001 0 eng d
040 ## - FUENTE DE LA CATALOGACIÓN
Centro catalogador/agencia de origen DO-SdBNP
Lengua de catalogación spa
Centro/agencia transcriptor BNPHU
082 ## - NÚMERO DE LA CLASIFICACIÓN DECIMAL DEWEY
Número de clasificación xxxx
Número de documento/Ítem H351a
100 1# - ENTRADA PRINCIPAL--NOMBRE DE PERSONA
Nombre de persona Haskin, Larry A.
9 (RLIN) 26075
245 14 - MENCIÓN DE TÍTULO
Título The atomic nucleus and chemistry /
Mención de responsabilidad, etc. Larry A. Haskin.
260 ## - PUBLICACIÓN, DISTRIBUCIÓN, ETC.
Lugar de publicación, distribución, etc. Lexington :
Nombre del editor, distribuidor, etc. D. C. Heath and Company,
Fecha de publicación, distribución, etc. 1972.
300 ## - DESCRIPCIÓN FÍSICA
Extensión 137 p. :
Otras características físicas il. ;
Dimensiones 21 cm.
500 ## - NOTA GENERAL
Nota general Incluye índice
504 ## - NOTA DE BIBLIOGRAFÍA, ETC.
Nota de bibliografía, etc. Bibliografía: p. 135-136.
650 #0 - PUNTO DE ACCESO ADICIONAL DE MATERIA--TÉRMINO DE MATERIA
Término de materia o nombre geográfico como elemento de entrada Nuclear chemistry.
9 (RLIN) 26076
650 #0 - PUNTO DE ACCESO ADICIONAL DE MATERIA--TÉRMINO DE MATERIA
Término de materia o nombre geográfico como elemento de entrada Nuclear physics.
9 (RLIN) 26077
Holdings
Estado de retiro Estado de pérdida Restricciones de uso No para préstamo Código de colección Localización permanente Ubicación/localización actual Ubicación en estantería Fecha de adquisición Número de inventario Total de préstamos Signatura topográfica completa Código de barras Fecha visto por última vez Precio válido a partir de Tipo de ítem Koha
        Monografías: Libros y Folletos General General En catalogación 10.10.2009 LF1   xxxx H351a 10794-10 25.06.2020 25.06.2020 Préstamo en sala

Powered by Koha